000
00253nam a2200097Ia 4500
008
240331s9999 xx 000 0 und d
082
_a
300.95
_b
WIC
100
_a
Wickramasinghe, N
245
0
_a
Civil society in Sri Lanka :
_b
new circles of power
942
_c
L
999
_c
1007
_d
1007